<?xml version="1.0" encoding="UTF-8"?>
<record
    xmlns:xsi="http://www.w3.org/2001/XMLSchema-instance"
    xsi:schemaLocation="http://www.loc.gov/MARC21/slim http://www.loc.gov/standards/marcxml/schema/MARC21slim.xsd"
    xmlns="http://www.loc.gov/MARC21/slim">

  <leader>01691nam a2200301uu 4500</leader>
  <controlfield tag="001">1264790</controlfield>
  <controlfield tag="005">20260508071845.0</controlfield>
  <controlfield tag="008">111118s2010                        spa  </controlfield>
  <datafield tag="020" ind1=" " ind2=" ">
    <subfield code="a">9788436260854</subfield>
  </datafield>
  <datafield tag="035" ind1=" " ind2=" ">
    <subfield code="a">1264790</subfield>
  </datafield>
  <datafield tag="040" ind1=" " ind2=" ">
    <subfield code="c">comduadb</subfield>
  </datafield>
  <datafield tag="041" ind1=" " ind2=" ">
    <subfield code="a">spa</subfield>
  </datafield>
  <datafield tag="082" ind1=" " ind2="4">
    <subfield code="a">572</subfield>
  </datafield>
  <datafield tag="100" ind1="1" ind2="0">
    <subfield code="a">Cruces Villalobos, Francisco</subfield>
    <subfield code="4">com</subfield>
    <subfield code="e">com</subfield>
    <subfield code="9">635571</subfield>
  </datafield>
  <datafield tag="245" ind1="1" ind2="0">
    <subfield code="a">Textos de antropolog&#xED;a contempor&#xE1;nea</subfield>
  </datafield>
  <datafield tag="250" ind1=" " ind2=" ">
    <subfield code="a">1. ed.</subfield>
  </datafield>
  <datafield tag="260" ind1=" " ind2=" ">
    <subfield code="a">Madrid :</subfield>
    <subfield code="b">Universidad Nacional de Educaci&#xF3;n a Distancia (UNED),</subfield>
    <subfield code="c">2010.</subfield>
  </datafield>
  <datafield tag="300" ind1=" " ind2=" ">
    <subfield code="a">413 p&#xE1;ginas</subfield>
  </datafield>
  <datafield tag="520" ind1="3" ind2=" ">
    <subfield code="a">RESE&#xD1;A . Esta compilaci&#xF3;n busca proporcionar al estudiante elementos de cr&#xED;tica reflexiva en relaci&#xF3;n con el canon heredado en antropolog&#xED;a, mostrando algunas &#xE1;reas que se han desarrollado en las &#xFA;ltimas d&#xE9;cadas en estrecha relaci&#xF3;n con otras disciplinas. Abordan asuntos como el relativismo cultural, la importancia de la diferencia y su representaci&#xF3;n en el lenguaje, las gram&#xE1;ticas identitarias, los sistemas etnocient&#xED;ficos de clasificaci&#xF3;n, los relatos de movilidad global, el papel de la m&#xFA;sica en la vida cotidiana, las transformaciones urbanas y ciudadanas, el an&#xE1;lisis del poder y la autoridad, las diferencias e inequidades de g&#xE9;nero, las relaciones entre cultura y desarrollo, la aplicaci&#xF3;n del conocimiento etnogr&#xE1;fico a los sistemas de salud.</subfield>
  </datafield>
  <datafield tag="650" ind1=" " ind2="7">
    <subfield code="a">Antropolog&#xED;a</subfield>
    <subfield code="2">lemb</subfield>
    <subfield code="9">42876</subfield>
  </datafield>
  <datafield tag="650" ind1=" " ind2="7">
    <subfield code="a">Antropolog&#xED;a cultural</subfield>
    <subfield code="2">lemb</subfield>
    <subfield code="9">43524</subfield>
  </datafield>
  <datafield tag="650" ind1=" " ind2="7">
    <subfield code="a">Antropolog&#xED;a social</subfield>
    <subfield code="2">lemb</subfield>
    <subfield code="9">32646</subfield>
  </datafield>
  <datafield tag="650" ind1=" " ind2=" ">
    <subfield code="a">Etnociencia</subfield>
    <subfield code="9">51022</subfield>
  </datafield>
  <datafield tag="650" ind1=" " ind2="7">
    <subfield code="a">Antropolog&#xED;a pol&#xED;tica</subfield>
    <subfield code="2">lemb</subfield>
    <subfield code="9">41152</subfield>
  </datafield>
  <datafield tag="650" ind1=" " ind2=" ">
    <subfield code="a">Antropolog&#xED;a y desarrollo</subfield>
    <subfield code="9">63721</subfield>
  </datafield>
  <datafield tag="700" ind1="1" ind2="0">
    <subfield code="a">P&#xE9;rez Gal&#xE1;n, Beatriz</subfield>
    <subfield code="4">com</subfield>
    <subfield code="e">com</subfield>
    <subfield code="9">361764</subfield>
  </datafield>
  <datafield tag="942" ind1=" " ind2=" ">
    <subfield code="c">BOOK</subfield>
  </datafield>
  <datafield tag="999" ind1=" " ind2=" ">
    <subfield code="c">599987</subfield>
    <subfield code="d">599987</subfield>
  </datafield>
  <datafield tag="952" ind1=" " ind2=" ">
    <subfield code="0">0</subfield>
    <subfield code="1">0</subfield>
    <subfield code="4">0</subfield>
    <subfield code="7">0</subfield>
    <subfield code="8">GEN</subfield>
    <subfield code="a">BC</subfield>
    <subfield code="b">BC</subfield>
    <subfield code="d">2011-11-18</subfield>
    <subfield code="e">Material adquirido por donaci&#xF3;n</subfield>
    <subfield code="g">48000.00</subfield>
    <subfield code="i">C1131141</subfield>
    <subfield code="l">3</subfield>
    <subfield code="o">572 C955</subfield>
    <subfield code="p">0761307</subfield>
    <subfield code="r">2025-08-15 09:46:59</subfield>
    <subfield code="s">2025-06-05</subfield>
    <subfield code="t">1</subfield>
    <subfield code="w">2023-05-01</subfield>
    <subfield code="y">BOOK</subfield>
  </datafield>
</record>
